The Russian symbolist theatre : an anthology of plays and critical texts /

Saved in:
Bibliographic Details
Other Authors: Green, Michael
Format: Book
Language:English
Published: Ann Arbor, Mich. : Ardis Publishers, c1986.
Subjects:
LEADER 01280nam a2200313 a 4500
001 c000058335
003 CARM
005 00000000000000.0
008 s1986 miu b 00000 eng
019 1 |a 4389456  |5 LACONCORD2021 
020 |a 0882337971 (alk. paper) :  |c $37.50 
020 |a 088233798X (pbk. : alk. paper) :  |c $13.95 
035 |a (OCoLC)12613413  |5 LACONCORD2021 
041 1 |a engrus 
043 |a e-ur-ru 
050 0 0 |a PG3245  |b .R84 1986 
082 0 0 |a 891.72/08/015  |2 19 
245 0 4 |a The Russian symbolist theatre :  |b an anthology of plays and critical texts /  |c edited and translated by Michael Green. 
260 |a Ann Arbor, Mich. :  |b Ardis Publishers,  |c c1986. 
300 |a 371 p. ;  |c 24 cm. 
504 |a Includes bibliographical references. 
650 0 |a Russian drama  |y 19th century  |x Translations into English. 
650 0 |a Russian drama  |y 20th century  |x Translations into English. 
650 0 |a Theater  |z Russia (Federation)  |x History  |y 20th century. 
650 0 |a Symbolism in literature. 
700 1 |a Green, Michael. 
852 8 |b CARM  |h A2:AH26A0  |i B03850  |p 0184106  |f BK 
999 f f |i 2e8f39c8-e523-5ec8-b8f8-cc02cabb95d3  |s 3c13cc15-5c7e-5ecd-b915-55d9b464ab8c 
952 f f |p Can circulate  |a CAVAL  |b CAVAL  |c CAVAL  |d CARM 1 Store  |e B03850  |f A2:AH26A0  |h Other scheme  |i book  |m 0184106